Представление документа в формате MARC21

Поле Инд. ПП Название Значение
Тип записи a
Библиографический уровень a
001 Контрольный номер RU/IS/BASE/480588078
005 Дата корректировки 20150513113633.5
020 a ISBN 5-02-035662-X
040 a Служба первич. каталог. НБ ТвГУ
b Код языка каталог. rus
e Правила каталог. PSBO
041 0_ a Код языка текста rus
100 1_ a Автор Дыбо Анна Владимировна
q Полное имя Дыбо А. В.
245 10 a Заглавие Vladimir Orel. A Handbook of Germanic Etymology. Leiden; Boston: Brill, 2003. XXXVIII + 683 P.
246 _0 a Другая форма заглавия A Handbook of Germanic Etymology
246 00 a Другая форма заглавия Leiden; Boston: Brill, 2003. XXXVIII + 683 P.
260 a Место издания Москва
b Издательство Наука
c Дата издания 2007
520 a Аннотация Статья посвящена книге В. Э. Орла. Данная книга представляет собой достаточно полный этимологический словарь германских языков. Сам автор так указыввет цель своей работы: "представить достаточно полное (но, конечно, не исчерпывающее) собрание прото-германских лексем с их реконструкциями, их рефлексиями в основных ветвях германского.
653 a Ключевые слова Лексика
a Ключевые слова Лингвистика
a Ключевые слова Морфемы
a Ключевые слова Рефлексии
a Ключевые слова Фонологический инвентарь
a Ключевые слова Этимология
a Ключевые слова Языкознание
773 08 w Контрольный № источника f291aaac-e9a6-4409-8cf9-644c5f78b65e
t Название источника Этимология
d Место и дата издания Москва : Наука, 2007
g Прочая информация С. 348-361
901 t Тип документа a
920 a Оператор Кома